'Capitalized' Words Quiz Stats

 Plays Quiz Updated Jul 25, 2016

Also try: Capital Gains
Challenge
Share
Tweet
Embed
Score 0/15 Timer 04:00
2 Plays Today
Definition Word % Correct
(v.) To spend winter in a dormant stateHibernate (Bern)
95.1%
(n.) A bloodsucking insect known as a vector for malariaMosquito (Quito)
87.9%
(n.) The weather conditions in a general areaClimate (Lima)
79.4%
(n.) The act of looking at things to see how they are similar or differentComparison (Paris)
78.8%
(v.) To supply water to an area to aid plant or crop growthIrrigate (Riga)
72.2%
(n.) A unit of measure equal to approximately 0.62 milesKilometer (Lomé)
68.1%
(n.) A former European country that split in two in 1993Czechoslovakia (Oslo)
59.4%
(n.) One who seizes any chance to gain advantage of a situationOpportunist (Tunis)
54.6%
Definition Word % Correct
(adj.) Made from the shades of a single colorMonochrome (Rome)
53.8%
(n.) A Mexican dish of seasoned meat wrapped in corn husksTamales (Malé)
52.8%
(n.) Pagans, or a group of uncivilized or irreligious peopleHeathens (Athens)
49.2%
(n.) A place where bees are keptApiary (Apia)
48.9%
(n.) The altitude above which no trees growTimberline (Berlin)
48.7%
(adj.) Describes a term that seems to contradict itself, like 'jumbo shrimp'Oxymoronic (Moroni)
35.5%
(n.) Careful & persistent work; Constant effort to accomplish what is undertakenDiligence (Dili)
28.6%

You're not logged in!

Compare scores with friends on all Sporcle quizzes.
OR
Log In

You Might Also Like...

Show Comments

Extras

Top Quizzes Today


Score Distribution

Your Account Isn't Verified!

In order to create a playlist on Sporcle, you need to verify the email address you used during registration. Go to your Sporcle Settings to finish the process.

Report this User

Report this user for behavior that violates our Community Guidelines.

Details: